Do you know 2019 Eurovision? - Statistics

General Stats
  • This quiz has been taken 34 times
  • The average score is 19 of 26
Answer Stats
Hint Answer % Correct
Netherlands Arcade
100%
Italy Soldi
94%
Switzerland She Got Me
88%
Norway Spirit in the Sky
88%
Iceland Hatrið mun sigra
84%
Australia Zero Gravity
84%
Spain La Venda
81%
San Marino Say Na Na Na
81%
Malta Chameleon
78%
North Macedonia Proud
78%
Cyprus Replay
75%
Sweden Too Late for Love
75%
France Roi
72%
Russia Scream
72%
Azerbaijan Truth
72%
Czech Republic Friend of a Friend
69%
Denmark Love is Forever
69%
Germany Sister
69%
Greece Better Love
66%
Israel Home
66%
Albania Ktheju tokes
66%
Belarus Like It
66%
Estonia Storm
66%
UK Bigger than Us
63%
Serbia Kruna
63%
Slovenia Serbi
53%
No matching quizzes found
Score Distribution
Percent of People with Each Score
Percentile by Number Answered
Your Score History
You have not taken this quiz